• 首页
  • 本馆介绍
  • 公告通知
  • 最新文献
  • 馆藏检索
  • 电子资源
  • 读者导购
  • 参考咨询
  • 我的图书馆
  • 登录
  • 详细信息显示
  • 放入我的书架
  • 预约/预借图书
  • 作者相关作品
  • 分类相关作品
  • 丛书相关作品
  • 出版社相关作品

书目信息

  • 表格格式
  • 工作单格式
  • 卡片格式
题名:
乒乓球教育
    
 
作者: 姜涛 主编
分册:  
出版信息: 长春   吉林大学出版社  2010
页数: 265页
开本: 23cm
丛书名:
单 册:
中图分类: G846.14
科图分类:
主题词: 乒乓球运动--教材 , 乒乓球运动
电子资源:
ISBN: 978-7-5601-5468-8
000 00869nam0 2200253 45
001 1130684156
005 20110310094529.85
010    @a978-7-5601-5468-8@dCNY32.00
100    @a20110122d2010 em y0chiy50 ea
101 0  @achi
102    @aCN@b220000
105    @aa z 000yy
106    @ar
200 1  @a乒乓球教育@APing Pang Qiu Jiao Yu@f姜涛主编@FJiang Tao Zhu Bian
210    @a长春@c吉林大学出版社@d2010
215    @a265页@c图@d23cm
300    @a人文与科学融合的体育专业素质教育课程系列教材
330    @a本书分为九章,内容包括:乒乓球运动演进的人文历程、乒乓球技战术与健身、乒乓球教学与育人、乒乓球训练与育人、乒乓球竞赛与观赏、乒乓球产业化与前景展望等。
606 0  @a乒乓球运动@j教材
606 0  @a乒乓球运动
690    @aG846.14@v4
701  0 @a姜涛@AJiang Tao@c(体育)@4主编
801  0 @aCN@bTANGWEI@c20110310
905    @b0531241-44@dG846.14@e348@f4
    
    乒乓球教育/姜涛主编.-长春:吉林大学出版社,2010
    265页:图;23cm
    人文与科学融合的体育专业素质教育课程系列教材
    
    ISBN 978-7-5601-5468-8:CNY32.00
    本书分为九章,内容包括:乒乓球运动演进的人文历程、乒乓球技战术与健身、乒乓球教学与育人、乒乓球训练与育人、乒乓球竞赛与观赏、乒乓球产业化与前景展望等。
●
相关链接 在E读中查询图书 在五车中查询图书 在当当中查询图书 在豆瓣中查询图书


正题名:乒乓球教育     索取号:G846.14/348         预约/预借

序号 登录号 条形码 馆藏地/架位号 状态 备注
1 0531241   205312419   第一样本阅览室/ [索取号:G846.14/348] 在馆    
2 0531242   205312428   密集书库-体育系/ [索取号:G846.14/348] 在馆    
3 0531243   205312437   第四借阅区/ [索取号:G846.14/348] 在馆    
4 0531244   205312446   第四借阅区/ [索取号:G846.14/348] 在馆    
唐山师范学院图书馆 欢迎您!
大连网信软件有限公司© 版权所有